[Event "Titled Tuesday intern op 30th Aug Early"]
[Site "Chess.com INT"]
[Date "2022.08.30"]
[Round "4"]
[White "Adewumi, Tanitoluwa"]
[Black "Hernandez Sanchez, Jairo Andres"]
[Result "1-0"]
[WhiteElo "2302"]
[BlackElo "2381"]
[PlyCount "71"]
[EventDate "2022.08.30"]
[EventType "swiss (blitz)"]
[EventRounds "11"]
[EventCountry "USA"]
[SourceTitle "EXT 2023"]
[Source "ChessBase"]
[SourceDate "2022.10.05"]
[SourceVersion "1"]
[SourceVersionDate "2022.10.05"]
[SourceQuality "1"]

1. Nf3 g6 2. e4 Bg7 3. d4 c5 4. dxc5 Qa5+ 5. Bd2 Qxc5 6. Bc3 Nf6 7. Bd4 Qa5+ 8. Nbd2 Nc6 9. Bc3 Qc7 10. Bd3 0-0 11. 0-0 d6 12. Re1 a6 13. b3 Nd7 14. Bxg7 Kxg7 15. Qc1 Nc5 16. Qb2+ f6 17. Bf1 Be6 18. a3 b5 19. Rac1 Rab8 20. Nd4 Nxd4 21. Qxd4 Rfc8 22. f4 Bf7 23. e5 dxe5 24. fxe5 Ne6 25. exf6+ exf6 26. Qf2 Qc5 27. Qxc5 Rxc5 28. Ne4 Rc6 29. Red1 Rbc8 30. c4 R8c7 31. Rd6 Rxd6 32. Nxd6 Nd4 33. Rd1 Nxb3 34. cxb5 axb5 35. Bxb5 Be6 36. Ne8+ 1-0

[Event "Titled Tuesday intern op 30th Aug Early"]
[Site "Chess.com INT"]
[Date "2022.08.30"]
[Round "5"]
[White "Nambiar, Vivek"]
[Black "Hernandez Sanchez, Jairo Andres"]
[Result "0-1"]
[WhiteElo "1923"]
[BlackElo "2381"]
[PlyCount "66"]
[EventDate "2022.08.30"]
[EventType "swiss (blitz)"]
[EventRounds "11"]
[EventCountry "USA"]
[SourceTitle "EXT 2023"]
[Source "ChessBase"]
[SourceDate "2022.10.05"]
[SourceVersion "1"]
[SourceVersionDate "2022.10.05"]
[SourceQuality "1"]

1. Nf3 g6 2. c4 Bg7 3. Nc3 Nf6 4. d4 0-0 5. Bg5 d6 6. e3 c5 7. Be2 Nc6 8. 0-0 a6 9. Qd2 Bf5 10. h3 Rb8 11. Rad1 Qa5 12. dxc5 dxc5 13. Nd5 Qxd2 14. Rxd2 Ne4 15. Rdd1 Nxg5 16. Nxg5 Bxb2 17. Bf3 e6 18. Nb6 Ne5 19. e4 h6 20. exf5 hxg5 21. fxe6 Nxf3+ 22. gxf3 fxe6 23. Nd7 Bd4 24. Rfe1 e5 25. Nxe5 Rbe8 26. Nxg6 Rxe1+ 27. Rxe1 Rxf3 28. Re7 Rxf2 29. Kh1 Rf7 30. Re8+ Kg7 31. Ne5 Rf1+ 32. Kg2 Re1 33. Re7+ Kf6 0-1

[Event "Tolima Deportivo op"]
[Site "Tolima"]
[Date "2021.11.13"]
[Round "2"]
[White "Suaza, Jose Neyitd"]
[Black "Hernandez Sanchez, Jairo Andres"]
[Result "0-1"]
[WhiteElo "1766"]
[BlackElo "2382"]
[PlyCount "38"]
[EventDate "2021.11.12"]
[EventType "swiss"]
[EventRounds "7"]
[EventCountry "COL"]
[SourceTitle "CBM 205 Extra"]
[Source "ChessBase"]
[SourceDate "2022.01.31"]
[SourceVersion "1"]
[SourceVersionDate "2022.01.31"]
[SourceQuality "1"]

1. e4 c5 2. Nf3 Nc6 3. Bc4 g6 4. c3 Nf6 5. d3 d6 6. 0-0 Bg7 7. Ng5 0-0 8. h3 Na5 9. Bb5 a6 10. Ba4 c4 11. Bc2 cxd3 12. Qxd3 b5 13. Nd2 Bb7 14. b4 Nc6 15. f4 Rc8 16. Bb2 h6 17. Ngf3 Nh5 18. Nh2 Qb6+ 19. Kh1 Nxb4 0-1

[Event "Medellin Tierra de Atletas-B"]
[Site "Medellin"]
[Date "2020.12.15"]
[Round "9"]
[White "Malka, Samuel"]
[Black "Hernandez Sanchez, Jairo Andres"]
[Result "1/2-1/2"]
[WhiteElo "2203"]
[BlackElo "2394"]
[PlyCount "117"]
[EventDate "2020.12.10"]
[EventType "tourn"]
[EventRounds "11"]
[EventCountry "COL"]
[EventCategory "2"]
[SourceTitle "CBM 199 Extra"]
[Source "ChessBase"]
[SourceDate "2021.01.31"]
[SourceVersion "1"]
[SourceVersionDate "2021.01.31"]
[SourceQuality "1"]

1. d4 Nf6 2. c4 g6 3. Nc3 Bg7 4. e4 d6 5. Bd3 e5 6. d5 0-0 7. Nge2 c6 8. 0-0 Na6 9. a3 Nc5 10. Bc2 a5 11. f3 cxd5 12. cxd5 Qb6 13. Be3 Bd7 14. b3 Rfc8 15. Rb1 Bh6 16. Bf2 Qc7 17. b4 axb4 18. axb4 Na6 19. Bd3 Nh5 20. g3 f5 21. exf5 gxf5 22. Nb5 Bxb5 23. Bxb5 Nf6 24. Rb3 Qf7 25. Bd3 Nxd5 26. Bxf5 Qxf5 27. Qxd5+ Qf7 28. Rd1 Qxd5 29. Rxd5 Rc2 30. Nc3 Bf8 31. Ne4 Nc7 32. Ra5 Ra6 33. Rxa6 bxa6 34. Rd3 Rc6 35. Nf6+ Kf7 36. Nxh7 Be7 37. h4 Kg6 38. Ng5 Bxg5 39. hxg5 Kxg5 40. f4+ exf4 41. gxf4+ Kf5 42. Kg2 Nb5 43. Kf3 Rc4 44. Rd5+ Ke6 45. Rh5 Rxb4 46. f5+ Kd5 47. Be1 Nd4+ 48. Kg4 Rc4 49. Bf2 Nc6+ 50. Kg5 Ne5 51. Rh7 Rg4+ 52. Kf6 a5 53. Ra7 Nc6 54. Ra8 a4 55. Be1 Kc5 56. Bf2+ Kd5 57. Be1 Rc4 58. Bg3 Rg4 59. Be1 1/2-1/2

[Event "Medellin Tierra de Atletas-B"]
[Site "Medellin"]
[Date "2020.12.13"]
[Round "5"]
[White "Pazos Gambarrotti, Plinio Efrain"]
[Black "Hernandez Sanchez, Jairo Andres"]
[Result "1/2-1/2"]
[WhiteElo "2109"]
[BlackElo "2394"]
[PlyCount "31"]
[EventDate "2020.12.10"]
[EventType "tourn"]
[EventRounds "11"]
[EventCountry "COL"]
[EventCategory "2"]
[SourceTitle "CBM 199 Extra"]
[Source "ChessBase"]
[SourceDate "2021.01.31"]
[SourceVersion "1"]
[SourceVersionDate "2021.01.31"]
[SourceQuality "1"]

1. d4 Nf6 2. c4 g6 3. Nc3 Bg7 4. e4 d6 5. Nge2 0-0 6. Ng3 e5 7. d5 a5 8. Be2 Na6 9. h4 h5 10. Bg5 Qe8 11. Qd2 Nc5 12. Bh6 Ng4 13. Bxg7 Kxg7 14. Bxg4 Bxg4 15. f3 Bd7 16. Nxh5+ 1/2-1/2

[Event "COL-ch pre olympic"]
[Site "El Bagre"]
[Date "2019.12.13"]
[Round "7"]
[White "Avila Pavas, Santiago"]
[Black "Hernandez Sanchez, Jairo Andres"]
[Result "1-0"]
[WhiteElo "2384"]
[BlackElo "2401"]
[PlyCount "75"]
[EventDate "2019.12.09"]
[EventType "tourn"]
[EventRounds "11"]
[EventCountry "COL"]
[EventCategory "6"]
[SourceTitle "CBM 193 Extra"]
[Source "ChessBase"]
[SourceDate "2020.01.31"]
[SourceVersion "1"]
[SourceVersionDate "2020.01.31"]
[SourceQuality "1"]

1. d4 Nf6 2. Nf3 g6 3. Bg5 Bg7 4. Nbd2 0-0 5. c3 d6 6. e4 c5 7. dxc5 dxc5 8. Be2 Nc6 9. 0-0 Qc7 10. Re1 h6 11. Be3 b6 12. h3 Nh5 13. Qc2 Rd8 14. Rad1 Bb7 15. Nf1 Nf4 16. Bc4 Na5 17. Bxf4 Qxf4 18. Bd5 Nc6 19. Qa4 Qc7 20. e5 e6 21. Be4 a6 22. N1h2 Rxd1 23. Qxd1 Rd8 24. Qe2 h5 25. g4 hxg4 26. Nxg4 Ne7 27. Ng5 Bxe4 28. Nxe4 Bxe5 29. Nh6+ Kg7 30. Ng5 Bh2+ 31. Kh1 Bf4 32. Nhxf7 Qc6+ 33. Kg1 Rd2 34. Nxe6+ Kg8 35. Qg4 Bh2+ 36. Kxh2 Rxf2+ 37. Kg1 Rxf7 38. Nd8 1-0

[Event "COL-ch pre olympic"]
[Site "El Bagre"]
[Date "2019.12.13"]
[Round "8"]
[White "Hernandez Sanchez, Jairo Andres"]
[Black "Ruiz Castillo, Joshua Daniel"]
[Result "1/2-1/2"]
[WhiteElo "2401"]
[BlackElo "2497"]
[PlyCount "66"]
[EventDate "2019.12.09"]
[EventType "tourn"]
[EventRounds "11"]
[EventCountry "COL"]
[EventCategory "6"]
[SourceTitle "CBM 193 Extra"]
[Source "ChessBase"]
[SourceDate "2020.01.31"]
[SourceVersion "1"]
[SourceVersionDate "2020.01.31"]
[SourceQuality "1"]

1. e4 e6 2. d4 d5 3. Bd3 dxe4 4. Bxe4 Nf6 5. Bf3 c5 6. Ne2 cxd4 7. Nxd4 Bc5 8. Nb3 Qxd1+ 9. Bxd1 Be7 10. 0-0 Nc6 11. c4 e5 12. Nc3 Be6 13. Be2 0-0 14. Be3 Rfd8 15. Rfd1 b6 16. Nb5 Bg4 17. Bxg4 Nxg4 18. Bd2 f5 19. a4 Rd3 20. Bc3 Rad8 21. Rxd3 Rxd3 22. h3 Nf6 23. a5 Ne4 24. axb6 axb6 25. Kf1 Nxc3 26. Nxc3 e4 27. Rd1 Rxd1+ 28. Nxd1 Kf7 29. Ne3 Ke6 30. Nd5 Bd8 31. Ke2 Ne5 32. Nd4+ Kf7 33. Nxf5 Nxc4 1/2-1/2

[Event "COL-ch pre olympic"]
[Site "El Bagre"]
[Date "2019.12.11"]
[Round "4"]
[White "Arenas Vanegas, David"]
[Black "Hernandez Sanchez, Jairo Andres"]
[Result "1/2-1/2"]
[WhiteElo "2472"]
[BlackElo "2401"]
[PlyCount "101"]
[EventDate "2019.12.09"]
[EventType "tourn"]
[EventRounds "11"]
[EventCountry "COL"]
[EventCategory "6"]
[SourceTitle "CBM 193 Extra"]
[Source "ChessBase"]
[SourceDate "2020.01.31"]
[SourceVersion "1"]
[SourceVersionDate "2020.01.31"]
[SourceQuality "1"]

1. e4 c5 2. Nf3 Nc6 3. d4 cxd4 4. Nxd4 g6 5. c4 Nf6 6. Nc3 Nxd4 7. Qxd4 d6 8. Be3 Bg7 9. f3 0-0 10. Qd2 a5 11. Na4 Nd7 12. Rd1 b6 13. b3 Bb7 14. Be2 Nc5 15. Nc3 Be5 16. Nb5 Qd7 17. 0-0 Rac8 18. Bd3 Ba6 19. Be2 Bxb5 20. cxb5 Qb7 21. Bc4 e6 22. Bf4 Qb8 23. Rfe1 Bxf4 24. Qxf4 Rfd8 25. Rd2 Qc7 26. Red1 Nb7 27. Qf6 Rd7 28. g4 Qd8 29. Qxd8+ Rdxd8 30. Kf2 g5 31. h4 h6 32. Ke3 Kg7 33. Rh1 Nc5 34. hxg5 hxg5 35. Rh5 Kf6 36. Rh7 Ke7 37. Rh5 Rg8 38. Rdh2 Nd7 39. Kd2 Ne5 40. Be2 Rc5 41. Rh8 Rgc8 42. Rxc8 Rxc8 43. Rh5 Kf6 44. Rh1 Ng6 45. Rh7 Rc5 46. a4 d5 47. exd5 Rxd5+ 48. Ke3 Re5+ 49. Kd2 Rd5+ 50. Ke3 Re5+ 51. Kd2 1/2-1/2

[Event "COL-ch pre olympic"]
[Site "El Bagre"]
[Date "2019.12.09"]
[Round "1"]
[White "Hernandez Sanchez, Jairo Andres"]
[Black "Cardoso Cardoso, Jose Gabriel"]
[Result "1/2-1/2"]
[WhiteElo "2401"]
[BlackElo "2350"]
[PlyCount "77"]
[EventDate "2019.12.09"]
[EventType "tourn"]
[EventRounds "11"]
[EventCountry "COL"]
[EventCategory "6"]
[SourceTitle "CBM 193 Extra"]
[Source "ChessBase"]
[SourceDate "2020.01.31"]
[SourceVersion "1"]
[SourceVersionDate "2020.01.31"]
[SourceQuality "1"]

1. e4 c5 2. Nf3 d6 3. Bb5+ Nc6 4. 0-0 Bd7 5. Re1 Nf6 6. c3 a6 7. Bf1 Bg4 8. d4 cxd4 9. cxd4 d5 10. e5 Ng8 11. Be3 e6 12. Nbd2 Bb4 13. Re2 Nge7 14. h3 Bh5 15. a3 Bxd2 16. Rxd2 Nf5 17. Be2 Nxe3 18. fxe3 f6 19. Qb3 Na5 20. Qb4 Bxf3 21. gxf3 fxe5 22. dxe5 Nc6 23. Qxb7 Nxe5 24. Qxg7 Nf7 25. Rd4 Ke7 26. Kf2 Rg8 27. Qxh7 Rh8 28. Qg6 Rxh3 29. Rf4 Ne5 30. Qg7+ Kd6 31. Rg1 Rc8 32. Qb7 Rh2+ 33. Rg2 Rxg2+ 34. Kxg2 Qg5+ 35. Kf2 Rc1 36. Qb8+ Kd7 37. Qb7+ Kd6 38. Qb8+ Kd7 39. Qb7+ 1/2-1/2

[Event "COL-chT 21st"]
[Site "Cartagena"]
[Date "2019.11.30"]
[Round "3.1"]
[White "Florez, Luis Angel"]
[Black "Hernandez Sanchez, Jairo Andres"]
[Result "1/2-1/2"]
[WhiteElo "2112"]
[BlackElo "2263"]
[PlyCount "95"]
[EventDate "2019.11.30"]
[EventType "team-swiss"]
[EventRounds "9"]
[EventCountry "COL"]
[SourceTitle "CBM 195 Extra"]
[Source "ChessBase"]
[SourceDate "2020.05.31"]
[SourceVersion "1"]
[SourceVersionDate "2020.05.31"]
[SourceQuality "1"]
[WhiteTeam "Cauca"]
[BlackTeam "Tolima"]
[WhiteTeamCountry "COL"]
[BlackTeamCountry "COL"]

1. e4 c5 2. Nf3 Nc6 3. d4 cxd4 4. Nxd4 g6 5. c4 Bg7 6. Be3 Nf6 7. Nc3 Ng4 8. Qxg4 Nxd4 9. Qd1 Ne6 10. Rc1 Qa5 11. Be2 b6 12. Qd5 Rb8 13. Qxa5 bxa5 14. b3 a6 15. f3 d6 16. Kf2 Bd7 17. Nd5 Bc6 18. Rhd1 Nc5 19. Bf4 Rb7 20. Bg5 h6 21. Bd2 a4 22. b4 Ne6 23. Rb1 0-0 24. Bc3 Bxc3 25. Nxc3 Rc8 26. b5 axb5 27. cxb5 Bd7 28. Nxa4 Rc2 29. Ke3 Rxa2 30. Nc3 Ra3 31. Kd2 Nc5 32. Nd5 Kf8 33. Rb2 e6 34. Ne3 Ke7 35. Nc4 Ra4 36. Rdb1 d5 37. exd5 exd5 38. Ne5 Bf5 39. Rc1 Kd6 40. Nd3 Rd4 41. Rxc5 Rxd3+ 42. Bxd3 Kxc5 43. Bxf5 gxf5 44. Kd3 Rxb5 45. Rc2+ Kd6 46. Ra2 Rb3+ 47. Kd4 Rb4+ 48. Ke3 1/2-1/2

[Event "COL-chT 21st"]
[Site "Cartagena"]
[Date "2019.11.30"]
[Round "6.1"]
[White "Hernandez Sanchez, Jairo Andres"]
[Black "Cadena Montoya, Gustavo Adolfo"]
[Result "1-0"]
[WhiteElo "2263"]
[BlackElo "2261"]
[PlyCount "43"]
[EventDate "2019.11.30"]
[EventType "team-swiss"]
[EventRounds "9"]
[EventCountry "COL"]
[SourceTitle "CBM 195 Extra"]
[Source "ChessBase"]
[SourceDate "2020.05.31"]
[SourceVersion "1"]
[SourceVersionDate "2020.05.31"]
[SourceQuality "1"]
[WhiteTeam "Tolima"]
[BlackTeam "Caqueta"]
[WhiteTeamCountry "COL"]
[BlackTeamCountry "COL"]

1. e4 c6 2. d4 d5 3. e5 c5 4. dxc5 Qa5+ 5. Nd2 Qxc5 6. Ngf3 Bf5 7. Nb3 Qxc2 8. Qxd5 Be4 9. Qc4 Nc6 10. Qxc2 Bxc2 11. e6 0-0-0 12. Be2 f6 13. Be3 Bf5 14. Nfd4 Be4 15. 0-0 Nh6 16. Nxc6 Bxc6 17. Bxa7 Rd6 18. Nd4 Kc7 19. Rac1 b6 20. Bf3 Rxd4 21. Rxc6+ Kd8 22. Bxb6+ 1-0

[Event "COL-chT rapid"]
[Site "Cartagena"]
[Date "2019.11.29"]
[Round "4.1"]
[White "Florez, Luis Angel"]
[Black "Hernandez Sanchez, Jairo Andres"]
[Result "1-0"]
[WhiteElo "2108"]
[BlackElo "2298"]
[PlyCount "85"]
[EventDate "2019.11.29"]
[EventType "team-swiss"]
[EventRounds "7"]
[EventCountry "COL"]
[SourceTitle "CBM 193 Extra"]
[Source "ChessBase"]
[SourceDate "2020.01.31"]
[SourceVersion "1"]
[SourceVersionDate "2020.01.31"]
[SourceQuality "1"]
[WhiteTeam "Cauca"]
[BlackTeam "Tolima"]
[WhiteTeamCountry "COL"]
[BlackTeamCountry "COL"]

1. e4 c5 2. Nf3 Nc6 3. d4 cxd4 4. Nxd4 g6 5. c4 Bg7 6. Be3 Nf6 7. Nc3 0-0 8. Be2 d6 9. 0-0 Bd7 10. h3 Nxd4 11. Bxd4 Bc6 12. Qc2 a5 13. Rfd1 a4 14. c5 Qa5 15. cxd6 exd6 16. a3 Rac8 17. Qd3 Rfe8 18. Bf3 Nd7 19. Bxg7 Kxg7 20. Qxd6 Ne5 21. Be2 Red8 22. Qe7 Re8 23. Qb4 Qa7 24. Qd4 Ra8 25. Qxa7 Rxa7 26. Rd4 Nd7 27. Bb5 Nc5 28. Rc4 Nb3 29. Bxc6 Rc8 30. Bxa4 Rxc4 31. Bxb3 Rc5 32. Rd1 b5 33. Rd5 Rxd5 34. Bxd5 b4 35. axb4 Kf6 36. b5 Ke5 37. b6 Rd7 38. b7 Rd8 39. Nb5 f5 40. f3 fxe4 41. fxe4 Kf4 42. Nc7 Kg3 43. Na6 1-0

[Event "COL-chT rapid"]
[Site "Cartagena"]
[Date "2019.11.29"]
[Round "5.1"]
[White "Hernandez Sanchez, Jairo Andres"]
[Black "Rios, Cristhian Camilo"]
[Result "1/2-1/2"]
[WhiteElo "2298"]
[BlackElo "2484"]
[PlyCount "116"]
[EventDate "2019.11.29"]
[EventType "team-swiss"]
[EventRounds "7"]
[EventCountry "COL"]
[SourceTitle "CBM 193 Extra"]
[Source "ChessBase"]
[SourceDate "2020.01.31"]
[SourceVersion "1"]
[SourceVersionDate "2020.01.31"]
[SourceQuality "1"]
[WhiteTeam "Tolima"]
[BlackTeam "Valle"]
[WhiteTeamCountry "COL"]
[BlackTeamCountry "COL"]

1. e4 c5 2. Nf3 Nc6 3. Bb5 g6 4. 0-0 Bg7 5. Nc3 e5 6. a3 Nge7 7. Bc4 0-0 8. b4 d6 9. Rb1 h6 10. d3 Kh7 11. Re1 b6 12. Nd5 Be6 13. Nd2 Qd7 14. Nf1 f5 15. b5 Nd8 16. Nxe7 Qxe7 17. Ne3 f4 18. Nd5 Qf7 19. a4 Nb7 20. Bd2 g5 21. a5 Nxa5 22. Bxa5 bxa5 23. Ra1 g4 24. Rxa5 Rad8 25. Ra6 Rd7 26. b6 axb6 27. Nxb6 Re7 28. Bxe6 Qxe6 29. Nd5 Rd7 30. f3 h5 31. Qe2 Rb8 32. fxg4 hxg4 33. h3 f3 34. gxf3 gxh3 35. f4 exf4 36. Qh5+ Bh6 37. Kh2 Rg7 38. Qf5+ Qxf5 39. exf5 Bg5 40. Rxd6 Bh4 41. Rf1 Rb2 42. Kxh3 Rxc2 43. Rxf4 Bg5 44. Rf3 Rc1 45. f6 Rg6 46. Rd7+ Kh6 47. f7 Be7 48. Rf2 Bf8 49. Nf4 Rf6 50. Kg4 Rg1+ 51. Kf3 Kg7 52. Ke4 Rg5 53. Rg2 Rxf4+ 54. Kxf4 Rxg2 55. Ke4 Rf2 56. Kd5 Rf4 57. Ke5 Rxf7 58. Rxf7+ Kxf7 1/2-1/2

[Event "COL-chT rapid"]
[Site "Cartagena"]
[Date "2019.11.29"]
[Round "7.1"]
[White "Hernandez Sanchez, Jairo Andres"]
[Black "Ruiz Castillo, Joshua Daniel"]
[Result "0-1"]
[WhiteElo "2298"]
[BlackElo "2463"]
[PlyCount "98"]
[EventDate "2019.11.29"]
[EventType "team-swiss"]
[EventRounds "7"]
[EventCountry "COL"]
[SourceTitle "CBM 193 Extra"]
[Source "ChessBase"]
[SourceDate "2020.01.31"]
[SourceVersion "1"]
[SourceVersionDate "2020.01.31"]
[SourceQuality "1"]
[WhiteTeam "Tolima"]
[BlackTeam "Bogota"]
[WhiteTeamCountry "COL"]
[BlackTeamCountry "COL"]

1. e4 c5 2. Nf3 e6 3. c4 Nc6 4. Nc3 Nf6 5. Be2 d6 6. d4 cxd4 7. Nxd4 Be7 8. 0-0 0-0 9. Be3 Qc7 10. f3 Ne5 11. Rc1 b6 12. a4 Bb7 13. a5 bxa5 14. Ncb5 Qb8 15. Nb3 a6 16. N5d4 a4 17. Na5 a3 18. b4 d5 19. exd5 Bxb4 20. Nxb7 Qxb7 21. dxe6 fxe6 22. c5 a5 23. Nxe6 Rfe8 24. Nf4 Qf7 25. c6 Kh8 26. Bd4 Qc7 27. Qc2 Nxc6 28. Qxc6 Qxf4 29. Bf2 Rad8 30. Bb5 Rf8 31. Qc4 Qxc4 32. Bxc4 Nd5 33. Rc2 Nf4 34. Be3 Nd3 35. Rd1 Nb2 36. Rxd8 Rxd8 37. Ba2 h6 38. Bb6 Rd1+ 39. Kf2 Rc1 40. Re2 Nd1+ 41. Kg3 Nc3 42. Re8+ Kh7 43. Be6 a2 44. Bg8+ Kg6 45. Kf4 Bd6+ 46. Kg4 h5+ 47. Kh4 Bg3+ 48. Kxg3 a1Q 49. Re6+ Kf5 0-1

[Event "COL-chT"]
[Site "Cartagena"]
[Date "2019.11.27"]
[Round "6.1"]
[White "Arenas Vanegas, David"]
[Black "Hernandez Sanchez, Jairo Andres"]
[Result "1/2-1/2"]
[WhiteElo "2472"]
[BlackElo "2401"]
[PlyCount "186"]
[EventDate "2019.11.24"]
[EventType "team-swiss"]
[EventRounds "7"]
[EventCountry "COL"]
[SourceTitle "CBM 193 Extra"]
[Source "ChessBase"]
[SourceDate "2020.01.31"]
[SourceVersion "1"]
[SourceVersionDate "2020.01.31"]
[SourceQuality "1"]
[WhiteTeam "Bolivar"]
[BlackTeam "Tolima"]
[WhiteTeamCountry "COL"]
[BlackTeamCountry "COL"]

1. e4 c5 2. Nf3 Nc6 3. d4 cxd4 4. Nxd4 g6 5. c4 Bg7 6. Be3 Nf6 7. Nc3 0-0 8. Be2 d6 9. 0-0 Bd7 10. Qd2 Nxd4 11. Bxd4 Bc6 12. f3 a5 13. b3 Nd7 14. Bf2 Nc5 15. Rab1 Be5 16. Bd1 e6 17. Bc2 Qe7 18. Rfe1 Rfd8 19. a3 g5 20. Bg3 Qf6 21. Ne2 Bxg3 22. hxg3 Nd7 23. Qd4 Qxd4+ 24. Nxd4 a4 25. Nxc6 bxc6 26. b4 Ne5 27. Rbc1 c5 28. f4 Nxc4 29. Bxa4 Rxa4 30. Rxc4 Rxa3 31. bxc5 dxc5 32. Rxc5 Rxg3 33. Rxg5+ Rxg5 34. fxg5 Rb8 35. Kf2 Rb5 36. Ra1 Rxg5 37. Ra3 Kg7 38. Rb3 h5 39. g3 Re5 40. Rb4 Kf6 41. Kf3 Ra5 42. Rb7 Ra3+ 43. Kf2 Kg6 44. Rb5 Ra2+ 45. Kf3 Ra3+ 46. Kf2 Rc3 47. Ra5 Rc2+ 48. Kf3 Rc3+ 49. Kf2 Rb3 50. Rc5 Rb2+ 51. Kf3 Rb3+ 52. Kf2 Rb2+ 53. Kf3 Rh2 54. Ra5 h4 55. gxh4 Rxh4 56. Rb5 Kf6 57. Ra5 Rh3+ 58. Kf4 Rh1 59. Rb5 e5+ 60. Kf3 Rf1+ 61. Ke2 Ra1 62. Kf3 Rf1+ 63. Ke2 Rf4 64. Ke3 Ke6 65. Rb6+ Ke7 66. Rb7+ Kf6 67. Rb5 Rh4 68. Kf3 Rh1 69. Ra5 Rg1 70. Rb5 Rg5 71. Ra5 Kg6 72. Ra6+ f6 73. Ra1 Rh5 74. Rg1+ Kf7 75. Ra1 Rh3+ 76. Kf2 Rb3 77. Rc1 Kg6 78. Rg1+ Kf7 79. Ra1 Rc3 80. Rb1 Ra3 81. Rc1 Ke7 82. Rc6 Rd3 83. Ra6 Rh3 84. Ra7+ Ke6 85. Ra6+ Kf7 86. Ra1 Rh4 87. Kf3 Rh3+ 88. Kf2 Rc3 89. Rb1 f5 90. exf5 Kf6 91. Rb4 Kxf5 92. Ra4 Rb3 93. Ke2 Ke6 1/2-1/2

[Event "La Vega op 3rd"]
[Site "La Vega"]
[Date "2019.08.22"]
[Round "5"]
[White "Hernandez Sanchez, Jairo Andres"]
[Black "Crispin Ferreras, Darvi Abraham"]
[Result "1-0"]
[WhiteElo "2412"]
[BlackElo "2167"]
[PlyCount "37"]
[EventDate "2019.08.20"]
[EventType "swiss"]
[EventRounds "9"]
[EventCountry "DOM"]
[SourceTitle "EXT 2020"]
[Source "ChessBase"]
[SourceDate "2019.10.17"]
[SourceVersion "1"]
[SourceVersionDate "2019.10.17"]
[SourceQuality "1"]

1. e4 c5 2. Nf3 e6 3. d4 cxd4 4. Nxd4 a6 5. c4 Nf6 6. Nc3 Qc7 7. a3 b6 8. Be3 Bb7 9. f3 Nc6 10. Qd2 Be7 11. Be2 0-0 12. 0-0 Bd6 13. Kh1 Nxd4 14. Bxd4 Bf4 15. Bxb6 Qxb6 16. Qxf4 Qxb2 17. Qe3 Rab8 18. Rfb1 Qc2 19. Bd1 1-0

[Event "COL pre olympic sf3"]
[Site "Cartagena"]
[Date "2019.08.18"]
[Round "9"]
[White "Sanchez, Sebastian Felipe"]
[Black "Hernandez Sanchez, Jairo Andres"]
[Result "1-0"]
[WhiteElo "2405"]
[BlackElo "2412"]
[PlyCount "93"]
[EventDate "2019.08.14"]
[EventType "swiss"]
[EventRounds "10"]
[EventCountry "COL"]
[SourceTitle "EXT 2020"]
[Source "ChessBase"]
[SourceDate "2019.10.17"]
[SourceVersion "1"]
[SourceVersionDate "2019.10.17"]
[SourceQuality "1"]

1. d4 Nf6 2. Bf4 g6 3. e3 Bg7 4. Nf3 d6 5. Be2 0-0 6. 0-0 Nfd7 7. h3 Nc6 8. Nc3 e5 9. Bg5 f6 10. Bh4 Kh8 11. d5 Ne7 12. e4 g5 13. Bg3 h6 14. h4 g4 15. Nd2 h5 16. f3 f5 17. fxg4 fxg4 18. Bf2 Ng6 19. g3 Bh6 20. Nc4 a5 21. a3 Qe7 22. Be3 Bxe3+ 23. Nxe3 Rxf1+ 24. Qxf1 Nf6 25. Bb5 Rb8 26. Qf2 Kg7 27. Rf1 Qf7 28. Be8 Qf8 29. Bxg6 Kxg6 30. Qd2 Qe7 31. Nf5 Bxf5 32. Qg5+ Kf7 33. Qxf5 Rh8 34. Nb5 Rh6 35. Qg5 Rg6 36. Qxh5 Kg7 37. Qf5 c6 38. Nc3 Qd7 39. Qf2 Qc7 40. Kg2 Kh7 41. Qd2 Qe7 42. Rf5 Nd7 43. Qe3 Nc5 44. Qf2 Kg7 45. Qe3 a4 46. h5 Rf6 47. Qg5+ 1-0

[Event "American Continental 15th"]
[Site "Sao Paulo"]
[Date "2019.07.12"]
[Round "10"]
[White "Hernandez Sanchez, Jairo Andres"]
[Black "Supi, Luis Paulo"]
[Result "0-1"]
[WhiteElo "2387"]
[BlackElo "2562"]
[PlyCount "108"]
[EventDate "2019.07.05"]
[EventType "swiss"]
[EventRounds "11"]
[EventCountry "BRA"]
[SourceTitle "CBM 191 Extra"]
[Source "ChessBase"]
[SourceDate "2019.09.30"]
[SourceVersion "1"]
[SourceVersionDate "2019.09.30"]
[SourceQuality "1"]

1. e4 c5 2. Nf3 e6 3. c4 a6 4. d4 cxd4 5. Nxd4 Nf6 6. Nc3 Qc7 7. a3 b6 8. Be3 Bb7 9. f3 d6 10. Be2 Be7 11. 0-0 0-0 12. Qd2 Re8 13. Rfc1 Nbd7 14. a4 Rab8 15. Nd1 Bd8 16. b4 Rc8 17. Nb3 Qb8 18. a5 Bc7 19. axb6 Nxb6 20. Na5 Ba8 21. Nf2 d5 22. c5 Bxh2+ 23. Kh1 Nh5 24. cxb6 Ng3+ 25. Kxh2 Nf1+ 26. Kg1 Nxd2 27. Bxd2 Qxb6 28. Rxc8 Rxc8 29. Nb3 dxe4 30. Rxa6 Qc7 31. fxe4 Bb7 32. Ra2 Qb6 33. Bd3 Ra8 34. Rxa8+ Bxa8 35. Nc5 Qd6 36. Bc3 Qg3 37. b5 Qe3 38. Nb3 f5 39. Bd2 Qb6 40. exf5 exf5 41. Nc1 Be4 42. Bf1 h6 43. Na2 Bb7 44. Nc3 Qd4 45. Be1 g5 46. Ne2 Qc5 47. Nc3 g4 48. Kh1 Qe3 49. Ne2 h5 50. Nd1 Qd3 51. Ndc3 h4 52. Kg1 f4 53. Bxh4 g3 54. Nxg3 Qd4+ 0-1

[Event "American Continental 15th"]
[Site "Sao Paulo"]
[Date "2019.07.07"]
[Round "4"]
[White "Hernandez Sanchez, Jairo Andres"]
[Black "Lima, Darcy Gustavo Macha"]
[Result "1/2-1/2"]
[WhiteElo "2387"]
[BlackElo "2543"]
[PlyCount "119"]
[EventDate "2019.07.05"]
[EventType "swiss"]
[EventRounds "11"]
[EventCountry "BRA"]
[SourceTitle "CBM 191 Extra"]
[Source "ChessBase"]
[SourceDate "2019.09.30"]
[SourceVersion "1"]
[SourceVersionDate "2019.09.30"]
[SourceQuality "1"]

1. e4 g6 2. d4 Bg7 3. Nc3 d6 4. Be3 a6 5. Qd2 Nd7 6. h4 c5 7. h5 gxh5 8. 0-0-0 cxd4 9. Bxd4 Bxd4 10. Qxd4 Ngf6 11. Rxh5 Qb6 12. Qxb6 Nxb6 13. Rh4 Rg8 14. f3 h5 15. Rd4 a5 16. Nb5 Kf8 17. Ne2 Rg5 18. Nec3 Be6 19. f4 Rc5 20. Be2 Kg7 21. Rd3 Bg4 22. Bxg4 hxg4 23. Nd4 Rg8 24. g3 Kf8 25. Nb3 Rc7 26. Nxa5 Nbd7 27. Nb3 Nc5 28. Nxc5 Rxc5 29. Rd4 Rh5 30. Rxh5 Nxh5 31. Ne2 Rh8 32. Kd2 Nf6 33. e5 Ne8 34. Rb4 Rh5 35. Rxb7 dxe5 36. Rb8 e4 37. b4 e6 38. a4 Ke7 39. a5 Rd5+ 40. Kc3 Nc7 41. Kb2 e3 42. Nc3 Kd7 43. Rb7 Rh5 44. b5 Kc8 45. a6 e2 46. Nxe2 Rxb5+ 47. Rxb5 Nxb5 48. Nc3 Nc7 49. Ne4 f5 50. Nc5 e5 51. fxe5 f4 52. Ne4 fxg3 53. Nxg3 Nxa6 54. Kc3 Kd7 55. Kd4 Ke6 56. Ke4 Nb4 57. Nh5 Nxc2 58. Nf4+ Ke7 59. Nd5+ Ke6 60. Nf4+ 1/2-1/2